Sports Quiz

Random Sports or NFL Quiz

Letter 'B' Hall of Famers Quiz Stats

 Plays Quiz Updated Dec 25, 2018

Support Sporcle.
Go Orange.
Score 0/32 Timer 04:00
0 Plays Today
Question Answer Wrong Answers
Larry Bird NBA
91.1%
MLB
1.6%
NFL
0.9%
NHL
0.4%
Charles Barkley NBA
90.5%
MLB
1.5%
NFL
1.7%
NHL
0.4%
Yogi Berra MLB
89.6%
NFL
1.7%
NBA
1.2%
NHL
1.2%
Terry Bradshaw NFL
89.1%
MLB
2.4%
NBA
1.1%
NHL
1.2%
Jim Brown NFL
88.5%
MLB
2.6%
NBA
1.6%
NHL
0.9%
Dick Butkus NFL
86.4%
MLB
3.2%
NBA
1.5%
NHL
2.6%
Wade Boggs MLB
86%
NFL
2.8%
NBA
2.1%
NHL
2.5%
Johnny Bench MLB
85.4%
NFL
3.8%
NBA
1.8%
NHL
2.5%
Jean Arthur Beliveau NHL
85.2%
MLB
3.4%
NFL
2.9%
NBA
1.6%
Pavel Bure NHL
85.1%
MLB
3.6%
NFL
2.7%
NBA
1.8%
Craig Biggio MLB
85.1%
NFL
2.8%
NBA
1.8%
NHL
3.6%
Jerome Bettis NFL
84.7%
MLB
3.7%
NBA
2.9%
NHL
2.2%
Jeff Bagwell MLB
84.3%
NFL
4.1%
NBA
1.9%
NHL
2.9%
Ernie Banks MLB
83.9%
NFL
4.3%
NBA
3%
NHL
2%
George Brett MLB
83.4%
NFL
5.1%
NBA
1.5%
NHL
3.1%
Ray Bourque NHL
83.2%
MLB
4%
NFL
3.8%
NBA
2.1%
Elgin Baylor NBA
82.5%
MLB
3.6%
NFL
5.3%
NHL
2.2%
Tim Brown NFL
82.1%
MLB
4%
NBA
4.4%
NHL
2.7%
Rick Barry NBA
81.6%
MLB
4.8%
NFL
4.4%
NHL
2.6%
Lou Brock MLB
81.6%
NFL
5.7%
NBA
2.1%
NHL
3.8%
Ed Belfour NHL
79.1%
MLB
5.8%
NFL
5.2%
NBA
2.8%
George Blanda NFL
78.2%
MLB
6.6%
NBA
2.9%
NHL
5.3%
Bill Bradley NBA
75.8%
MLB
6.1%
NFL
7.1%
NHL
4.1%
Fred Biletnikoff NFL
74.7%
MLB
4%
NBA
2.5%
NHL
12%
Bert Blyleven MLB
74.4%
NFL
4.9%
NBA
2.5%
NHL
11.4%
Mike Bossy NHL
73.2%
MLB
7.6%
NFL
7.3%
NBA
4.8%
Sammy Baugh NFL
71.5%
MLB
9.9%
NBA
4.2%
NHL
7.6%
Rob Blake NHL
70.7%
MLB
7.6%
NFL
8.5%
NBA
6.1%
Derrick Brooks NFL
70%
MLB
5.3%
NBA
12.1%
NHL
5.7%
Jim Bunning MLB
67.7%
NFL
14.4%
NBA
3.6%
NHL
7.2%
Chuck Bednarik NFL
64.3%
MLB
5.2%
NBA
4.6%
NHL
18.8%
Jim Bottomley MLB
45.1%
NFL
15.7%
NBA
7.6%
NHL
24.3%

From the Vault

Lord of the Rings Bunker

by Peterlie

The Hobbit would be very different if Bilbo had an impenetrable bunker for a hobbit hole.
Remove Ads.
Support Sporcle.
Get the best of Sporcle when you Go Orange. This ad-free experience offers more features, more stats, and more fun while also helping to support Sporcle. Thank you for becoming a member.

Show Comments

Extras

Top Quizzes Today


Score Distribution

Your Account Isn't Verified!

In order to create a playlist on Sporcle, you need to verify the email address you used during registration. Go to your Sporcle Settings to finish the process.

Report this User

Report this user for behavior that violates our Community Guidelines.

Details: